| 000 | 00789nam a22002057a 4500 | ||
|---|---|---|---|
| 999 |
_c13923 _d13923 |
||
| 003 | AR-CdUCM | ||
| 008 | 190417b ||||| |||| 00| 0 spa d | ||
| 040 |
_aMUNICIPALIDAD PROVINCIAL DEL CUSCO _cBIBLIOTECA MUNICIPAL DEL CUSCO |
||
| 082 |
_a248 / _bT81 / 1899 |
||
| 100 |
_aTrione, Esteban _932540 |
||
| 245 |
_aFelicidad desconocida cartas y ejemplos : _bSobre la vocación religiosa / |
||
| 260 |
_aBarcelona : _bLibrería salesiana, _c1899. |
||
| 300 |
_a136 páginas ; _c15 cm. |
||
| 505 | _aContenido : El primer encuentro -- El paraíso en la tierra -- Verdades candentes -- Algunas dificultades -- El camino mas breve y seguro ... | ||
| 650 |
_aFelicidad _92982 |
||
| 650 |
_aDesconocida _932541 |
||
| 650 |
_aCartas _9213 |
||
| 942 |
_2ddc _cLIBROS |
||
| 945 |
_arah _d17/04/2019 |
||